[Event "FRA-chT2 0910"]
[Site "France"]
[Date "2009.12.12"]
[Round "5.3"]
[White "Chabradze, Boris"]
[Black "Glod, Philippe"]
[Result "1/2-1/2"]
[WhiteElo "2219"]
[BlackElo "2181"]
[PlyCount "65"]
[EventDate "2009.09.27"]
[EventType "team"]
[EventRounds "11"]
[EventCountry "FRA"]
[SourceDate "2009.07.26"]

1. e4 e5 2. Nf3 Nc6 3. Nc3 Nf6 4. d4 Bb4 5. Nxe5 Bxc3+ 6. bxc3 Qe7 7. Nxc6
Qxe4+ 8. Qe2 dxc6 9. Qxe4+ Nxe4 10. c4 Bf5 11. Bd3 O-O-O 12. Bb2 Nd6 13. Bxf5+
Nxf5 14. O-O-O h5 15. Rhe1 Rhe8 16. Rxe8 Rxe8 17. Kd2 g6 18. Re1 Rxe1 19. Kxe1
Kd7 20. Ke2 b5 21. Kd3 Nd6 22. cxb5 cxb5 23. d5 Nc4 24. Bc1 Kd6 25. Kd4 c5+ 26.
dxc6 Kxc6 27. a4 a6 28. axb5+ Kxb5 29. Bg5 Na3 30. Ke5 Nxc2 31. Kf6 Ne1 32.
Kxf7 Nxg2 33. Kxg6 1/2-1/2

[Event "FRA-chT2 0910"]
[Site "France"]
[Date "2009.12.12"]
[Round "5.4"]
[White "Cheymol, Eric"]
[Black "Miraoui, Karim"]
[Result "1-0"]
[WhiteElo "2181"]
[BlackElo "2101"]
[PlyCount "62"]
[EventDate "2009.09.27"]
[EventType "team"]
[EventRounds "11"]
[EventCountry "FRA"]
[SourceDate "2009.07.26"]

1. e4 c5 2. c3 d5 3. exd5 Qxd5 4. d4 Nc6 5. Nf3 e5 6. Nxe5 Nxe5 7. dxe5 Qxe5+
8. Be3 Bd7 9. Nd2 O-O-O 10. Be2 Bc6 11. Bf3 Ne7 12. Bxc6 Nxc6 13. Qa4 Qh5 14.
g4 Qg6 15. O-O-O h5 16. g5 Qf5 17. h4 Bd6 18. Qe4 Ne7 19. Qc4 Kb8 20. Ne4 Bf4
21. Nxc5 Bxe3+ 22. fxe3 Nd5 23. Qb5 b6 24. Na6+ Kb7 25. Nb4 Ne7 26. Qa6+ Kb8
27. Rd4 Qf3 28. Re1 Qf2 29. Re2 Qf1+ 30. Kc2 Qh1 31. Qc4 Rxd4 1-0

[Event "FRA-chT2 0910"]
[Site "France"]
[Date "2009.12.12"]
[Round "5.5"]
[White "Marchadour, Claire"]
[Black "Bonnaud, Remy"]
[Result "1/2-1/2"]
[WhiteElo "2072"]
[BlackElo "2215"]
[PlyCount "77"]
[EventDate "2009.09.27"]
[EventType "team"]
[EventRounds "11"]
[EventCountry "FRA"]
[SourceDate "2009.07.26"]

1. e4 e5 2. Nf3 Nc6 3. d4 exd4 4. Nxd4 Bc5 5. Nxc6 Qf6 6. Qf3 Qxc6 7. Nc3 Ne7
8. Be3 O-O 9. Bb5 Qb6 10. Bxc5 Qxc5 11. O-O-O d6 12. h4 Be6 13. Qe2 Nc6 14. Ba4
Bc4 15. Qd2 b5 16. Bb3 Rab8 17. f4 a5 18. Bxc4 bxc4 19. Nd5 Nb4 20. Nxb4 Rxb4
21. c3 Rb5 22. Qd4 Qc6 23. Rd2 Re8 24. Re1 a4 25. a3 Reb8 26. Ree2 Rb3 27. Rc2
R3b5 28. g4 Re8 29. h5 h6 30. Rcd2 Rc5 31. Rd1 Qb5 32. Rg1 Rb8 33. Rgg2 f6 34.
Qd2 Qb3 35. Qc2 Qa2 36. Qb1 Qb3 37. Qc2 Qa2 38. Qb1 Qb3 39. Qc2 1/2-1/2

[Event "FRA-chT2 0910"]
[Site "France"]
[Date "2009.12.12"]
[Round "5.6"]
[White "Castaignet, Laurent"]
[Black "Martinez, Jean Philippe"]
[Result "1/2-1/2"]
[WhiteElo "2184"]
[BlackElo "2091"]
[PlyCount "63"]
[EventDate "2009.09.27"]
[EventType "team"]
[EventRounds "11"]
[EventCountry "FRA"]
[SourceDate "2009.07.26"]

1. e4 c5 2. Nf3 g6 3. c3 Bg7 4. d4 cxd4 5. cxd4 d5 6. e5 Bg4 7. Bb5+ Nc6 8. O-O
Nh6 9. Bxc6+ bxc6 10. Nbd2 O-O 11. h3 Bf5 12. Nb3 f6 13. Re1 Qc8 14. exf6 exf6
15. Bf4 g5 16. Bd6 Re8 17. Qd2 Be4 18. Qc3 Qd7 19. Bh2 Bf8 20. Nfd2 Bd6 21.
Bxd6 Qxd6 22. Rac1 Rac8 23. Nc5 Bg6 24. Rxe8+ Bxe8 25. Re1 Bd7 26. Qa5 Rc7 27.
Ndb3 Nf5 28. Qb4 Kf7 29. Qb8 Bc8 30. a4 h5 31. Qb4 Re7 32. Rxe7+ 1/2-1/2

[Event "FRA-chT2 0910"]
[Site "France"]
[Date "2009.12.12"]
[Round "5.7"]
[White "Murie, Eric"]
[Black "Simon, Laurent"]
[Result "1/2-1/2"]
[WhiteElo "2096"]
[BlackElo "2055"]
[PlyCount "71"]
[EventDate "2009.09.27"]
[EventType "team"]
[EventRounds "11"]
[EventCountry "FRA"]
[SourceDate "2009.07.26"]

1. e4 e5 2. d4 exd4 3. Qxd4 Nc6 4. Qe3 d6 5. Nc3 Nf6 6. Bd2 Be7 7. O-O-O O-O 8.
h3 a6 9. Nd5 Nxd5 10. exd5 Ne5 11. f4 Nd7 12. g4 Nc5 13. Ne2 Re8 14. Qf3 Bf8
15. Nd4 Qd7 16. Nb3 Qa4 17. Nxc5 dxc5 18. Kb1 Bd7 19. Qb3 Qxb3 20. axb3 Bd6 21.
Bd3 a5 22. Rdf1 a4 23. bxa4 Rxa4 24. b3 Raa8 25. Kb2 b5 26. Re1 Rxe1 27. Rxe1
Re8 28. Rxe8+ Bxe8 29. c4 b4 30. Bf5 c6 31. Be4 cxd5 32. cxd5 Bb5 33. Kc2 c4
34. bxc4 Bxc4 35. Bc1 Kf8 36. h4 1/2-1/2

[Event "FRA-chT2 0910"]
[Site "France"]
[Date "2009.12.12"]
[Round "5.1"]
[White "Bleunven, Andre"]
[Black "Gillet, Richard"]
[Result "1-0"]
[WhiteElo "2277"]
[BlackElo "2087"]
[PlyCount "75"]
[EventDate "2009.09.27"]
[EventType "team"]
[EventRounds "11"]
[EventCountry "FRA"]
[SourceDate "2009.07.26"]

1. d4 Nf6 2. Nf3 e6 3. c4 c5 4. d5 d6 5. Nc3 exd5 6. cxd5 g6 7. e4 Bg7 8. Be2
O-O 9. O-O Re8 10. Nd2 Nbd7 11. Qc2 Ne5 12. f4 Neg4 13. Nf3 c4 14. Bxc4 Qc7 15.
Bd3 b5 16. Re1 Qb6+ 17. Kf1 Bd7 18. Nd1 b4 19. Be3 Nxe3+ 20. Nxe3 Bb5 21. Nc4
Bxc4 22. Bxc4 Rac8 23. Rac1 Ng4 24. Qd2 Bc3 25. bxc3 Rxc4 26. cxb4 Rxb4 27. Rc6
Qb8 28. Qc3 Rb1 29. h3 Qb5+ 30. Kg1 Rxe1+ 31. Nxe1 Nh6 32. Rxd6 Qb1 33. e5 Qxa2
34. Rd7 Nf5 35. g4 Ne7 36. e6 fxe6 37. d6 Rc8 38. dxe7 1-0

[Event "FRA-chT2 0910"]
[Site "France"]
[Date "2009.12.12"]
[Round "5.2"]
[White "Kahla, Souhaiel"]
[Black "Guyader, Thierry"]
[Result "1-0"]
[WhiteElo "2100"]
[BlackElo "2142"]
[PlyCount "85"]
[EventDate "2009.09.27"]
[EventType "team"]
[EventRounds "11"]
[EventCountry "FRA"]
[SourceDate "2009.07.26"]

1. e4 c5 2. Nf3 e6 3. d3 Nc6 4. Be2 d6 5. c3 g6 6. O-O Bg7 7. Ne1 Nge7 8. f4
O-O 9. Be3 b6 10. Bf3 Bb7 11. Qc2 Rc8 12. Nd2 b5 13. Rd1 b4 14. Bf2 bxc3 15.
bxc3 Ba6 16. Be2 Qa5 17. Nc4 Bxc4 18. dxc4 Rfd8 19. Rd3 d5 20. cxd5 exd5 21. e5
d4 22. cxd4 Nxd4 23. Bxd4 cxd4 24. Qd2 Qxd2 25. Rxd2 Rc3 26. Rf3 Rc1 27. Bd1
Nf5 28. Rfd3 h5 29. Kf2 Bf8 30. Bb3 Rb1 31. Rc2 Bb4 32. Nf3 Ba5 33. Ng5 Ne3 34.
Bxf7+ Kh8 35. Rc6 Rf1+ 36. Ke2 Re1+ 37. Kf3 Rf1+ 38. Kg3 Nf5+ 39. Kh3 Rxf4 40.
g3 Rf2 41. Bxg6 Kg8 42. Ne4 Rf1 43. Kg2 1-0

[Event "FRA-chT2 0910"]
[Site "France"]
[Date "2009.12.12"]
[Round "5.4"]
[White "Vallobra, Pierre"]
[Black "Cadiou, Jacques"]
[Result "0-1"]
[WhiteElo "2055"]
[BlackElo "1990"]
[PlyCount "106"]
[EventDate "2009.09.27"]
[EventType "team"]
[EventRounds "11"]
[EventCountry "FRA"]
[SourceDate "2009.07.26"]

1. d4 Nf6 2. c4 e6 3. Nf3 b6 4. e3 Bb7 5. Be2 Be7 6. O-O O-O 7. Nc3 Re8 8. Ne5
d6 9. Bf3 Qc8 10. Nd3 Nbd7 11. e4 e5 12. d5 Nc5 13. b4 Nxd3 14. Qxd3 a5 15. b5
Qd8 16. Nd1 Nd7 17. Bg4 Nc5 18. Qf3 Bc8 19. Ne3 g6 20. Bxc8 Rxc8 21. Ng4 Rf8
22. Bh6 Nd7 23. Bxf8 Bxf8 24. Qh3 h5 25. Ne3 Bg7 26. Rae1 Qe7 27. Nc2 Rf8 28.
Re3 Bh6 29. Rf3 Nc5 30. Re1 Bg7 31. Rfe3 Qg5 32. Qg3 Bh6 33. Rf3 Qd2 34. Rc3
Na4 35. Ra3 Qxc2 36. Qb3 Qxb3 37. Rxb3 Nc5 38. Rf3 Kg7 39. Kf1 f5 40. exf5 Rxf5
41. Ke2 Kf6 42. g3 e4 43. Rc3 Nd3 44. Rf1 Rf3 45. Rc2 Ke5 46. Rc3 Kd4 47. Rc2
Kc5 48. h3 a4 49. h4 Kd4 50. a3 Kc5 51. Kd1 e3 52. Ke2 Rxf2+ 53. Rxf2 Nxf2 0-1

[Event "FRA-chT2 0910"]
[Site "France"]
[Date "2009.12.12"]
[Round "5.5"]
[White "Bodenez, Claire"]
[Black "Criton, Roland"]
[Result "1/2-1/2"]
[WhiteElo "2033"]
[BlackElo "1970"]
[PlyCount "91"]
[EventDate "2009.09.27"]
[EventType "team"]
[EventRounds "11"]
[EventCountry "FRA"]
[SourceDate "2009.07.26"]

1. e4 c6 2. d4 d5 3. Nc3 dxe4 4. Nxe4 Nf6 5. Nxf6+ gxf6 6. Nf3 Bg4 7. Be2 e6 8.
c3 Qc7 9. Qb3 Nd7 10. Be3 Nb6 11. c4 O-O-O 12. a4 c5 13. a5 Nd7 14. a6 b6 15.
Rd1 Rg8 16. h3 Bf5 17. Rg1 Be7 18. Qc3 e5 19. d5 e4 20. Nh4 Bxh3 21. Rh1 Bxg2
22. Nxg2 Rxg2 23. Rxh7 Ne5 24. Bf1 Rgg8 25. Bh3+ Kb8 26. Bf5 Rh8 27. Rxh8 Rxh8
28. Bxe4 Bd6 29. Ke2 Qc8 30. Rg1 Qxa6 31. b3 Qc8 32. Bd2 Rg8 33. Rxg8 Qxg8 34.
Bf5 Qh8 35. Qh3 Qxh3 36. Bxh3 Ng6 37. Kf3 Kc7 38. Ke4 Kd8 39. Bg4 Ke7 40. f3
Be5 41. Bh5 a5 42. Be3 Nf8 43. Kf5 Nd7 44. Bf2 Nf8 45. Bh4 Nd7 46. Bf2 1/2-1/2

[Event "FRA-chT2 0910"]
[Site "France"]
[Date "2009.12.12"]
[Round "5.6"]
[White "Baron, Romuald"]
[Black "Delalee, Paul"]
[Result "1/2-1/2"]
[WhiteElo "1984"]
[BlackElo "1946"]
[PlyCount "42"]
[EventDate "2009.09.27"]
[EventType "team"]
[EventRounds "11"]
[EventCountry "FRA"]
[SourceDate "2009.07.26"]

1. e4 c5 2. Nf3 d6 3. d4 cxd4 4. Nxd4 Nf6 5. Nc3 a6 6. Be3 e6 7. Be2 Be7 8. Qd2
Qc7 9. g4 b5 10. a3 Bb7 11. f3 Nc6 12. g5 Nd7 13. f4 O-O-O 14. Bxb5 axb5 15.
Ncxb5 Nxd4 16. Bxd4 Qc4 17. Qa5 Kb8 18. O-O-O Qc6 19. Qa7+ Kc8 20. Qa5 Kb8 21.
Qa7+ Kc8 1/2-1/2

[Event "FRA-chT2 0910"]
[Site "France"]
[Date "2009.12.12"]
[Round "5.7"]
[White "Brient, Yoann"]
[Black "Ernouf, Anthony"]
[Result "0-1"]
[WhiteElo "1920"]
[BlackElo "1897"]
[PlyCount "50"]
[EventDate "2009.09.27"]
[EventType "team"]
[EventRounds "11"]
[EventCountry "FRA"]
[SourceDate "2009.07.26"]

1. e4 c5 2. Nf3 d6 3. d4 cxd4 4. Nxd4 Nf6 5. Nc3 a6 6. Bc4 e5 7. Nf3 Be6 8. Bb3
Be7 9. Bg5 Nbd7 10. O-O O-O 11. Qe2 b5 12. Rfd1 Nb6 13. Nxe5 Qc7 14. Nf3 Nc4
15. Bxc4 Bxc4 16. Qe3 Rfc8 17. b3 Be6 18. Nd4 Ng4 19. Nxe6 fxe6 20. Qf4 Nxf2
21. Bxe7 Nxd1 22. Rxd1 Qxc3 23. Bxd6 e5 24. Qf5 Rd8 25. Kh1 Rxd6 0-1

[Event "FRA-chT2 0910"]
[Site "France"]
[Date "2009.12.12"]
[Round "5.8"]
[White "Champs, Sandra"]
[Black "Le Du, Michel"]
[Result "0-1"]
[WhiteElo "1380"]
[BlackElo "1931"]
[PlyCount "62"]
[EventDate "2009.09.27"]
[EventType "team"]
[EventRounds "11"]
[EventCountry "FRA"]
[SourceDate "2009.07.26"]

1. e4 d6 2. d4 Nf6 3. Nc3 g6 4. Nf3 Bg7 5. Bb5+ c6 6. Ba4 O-O 7. O-O b5 8. Bb3
b4 9. e5 dxe5 10. dxe5 Ng4 11. Ne2 Nxe5 12. Nxe5 Bxe5 13. c4 Qc7 14. Ng3 c5 15.
Rb1 Bb7 16. Re1 Nc6 17. Be3 Nd4 18. Bxd4 Bxd4 19. Qe2 Qf4 20. Bc2 Rad8 21. Be4
Bxe4 22. Nxe4 f5 23. Ng3 e5 24. Qf1 e4 25. Ne2 Qe5 26. Nxd4 Rxd4 27. b3 Rfd8
28. Ra1 Rd2 29. g3 Qd4 30. Qg2 e3 31. Rxe3 Qxe3 0-1

[Event "FRA-chT2 0910"]
[Site "France"]
[Date "2009.12.12"]
[Round "5.1"]
[White "Monroy, Charles"]
[Black "Lepelletier, Benoit"]
[Result "1/2-1/2"]
[WhiteElo "2433"]
[BlackElo "2424"]
[PlyCount "65"]
[EventDate "2009.09.27"]
[EventType "team"]
[EventRounds "11"]
[EventCountry "FRA"]
[SourceDate "2009.07.26"]

1. Nf3 b5 2. e4 Bb7 3. Bxb5 Bxe4 4. d4 Nf6 5. O-O e6 6. c4 Be7 7. Nc3 Bb7 8.
Ba4 O-O 9. Bc2 c5 10. Bg5 cxd4 11. Nxd4 d5 12. Qf3 Nbd7 13. cxd5 Nxd5 14. Qh3
g6 15. Bh6 Re8 16. Rad1 Bg5 17. Nxd5 Bxd5 18. Ba4 Bxh6 19. Qxh6 Rc8 20. Nc2 Re7
21. Ne3 Nf6 22. Rd4 Rec7 23. Rfd1 Qe7 24. Nxd5 Nxd5 25. Bb3 Nf6 26. Qd2 Kg7 27.
h3 Qc5 28. Qb4 Qg5 29. Qd2 Qe5 30. Qf4 Qa5 31. Qd2 Qe5 32. Qf4 Qa5 33. Qd2
1/2-1/2

[Event "FRA-chT2 0910"]
[Site "France"]
[Date "2009.12.12"]
[Round "5.2"]
[White "Romieux, Sebastien"]
[Black "Lejarre, Ludovic"]
[Result "0-1"]
[WhiteElo "2281"]
[BlackElo "2370"]
[PlyCount "88"]
[EventDate "2009.09.27"]
[EventType "team"]
[EventRounds "11"]
[EventCountry "FRA"]
[SourceDate "2009.07.26"]

1. e4 e5 2. Nf3 Nc6 3. Bb5 Nd4 4. Nxd4 exd4 5. O-O Bc5 6. d3 c6 7. Bc4 d5 8.
exd5 cxd5 9. Bb5+ Kf8 10. Qf3 Ne7 11. Bg5 Be6 12. Nd2 h6 13. Nb3 Bb6 14. Bh4
Qd6 15. Rae1 Nf5 16. Bg3 Qb4 17. Rxe6 fxe6 18. Bd7 Qe7 19. Ba4 Kg8 20. Be5 Kh7
21. g4 Nh4 22. Qg3 Rad8 23. Nxd4 Rhf8 24. f3 Nxf3+ 25. Rxf3 Qb4 26. c3 Qxa4 27.
a3 Qd1+ 28. Kg2 Bxd4 29. Bxd4 Qe2+ 30. Qf2 Qxf2+ 31. Rxf2 Rxf2+ 32. Kxf2 a6 33.
Be5 Kg6 34. h4 Rf8+ 35. Kg2 h5 36. g5 Rf5 37. Bg3 e5 38. c4 dxc4 39. dxc4 e4
40. Bf2 Kf7 41. Bd4 g6 42. Be3 Ke6 43. Bd4 Rf4 44. Kg3 Rf3+ 0-1

[Event "FRA-chT2 0910"]
[Site "France"]
[Date "2009.12.12"]
[Round "5.3"]
[White "Demanghon, Jonathan"]
[Black "Bouillot, Serge"]
[Result "1-0"]
[WhiteElo "2218"]
[BlackElo "2185"]
[PlyCount "81"]
[EventDate "2009.09.27"]
[EventType "team"]
[EventRounds "11"]
[EventCountry "FRA"]
[SourceDate "2009.07.26"]

1. d4 d5 2. c4 Nc6 3. cxd5 Qxd5 4. e3 e5 5. Nc3 Bb4 6. Bd2 Bxc3 7. bxc3 Nge7 8.
c4 Qd6 9. d5 Nb8 10. Qb1 Na6 11. Ne2 Nc5 12. Nc3 a6 13. Ne4 Nxe4 14. Qxe4 Bf5
15. Qf3 Qa3 16. e4 Qxf3 17. gxf3 Bg6 18. Bg2 O-O-O 19. f4 f6 20. O-O Nc6 21.
fxe5 Nxe5 22. c5 Bh5 23. f3 g5 24. Bc3 Rhg8 25. Rab1 Rdf8 26. Rb3 Nd3 27. Bd4
Nf4 28. Be3 Nxg2 29. Kxg2 Be8 30. Rfb1 Bb5 31. Rb4 c6 32. a4 a5 33. Rd4 Ba6 34.
Rb6 cxd5 35. exd5 Re8 36. Bf2 f5 37. d6 Rg7 38. c6 Rd8 39. Rd5 f4 40. Rc5 g4
41. cxb7+ 1-0

[Event "FRA-chT2 0910"]
[Site "France"]
[Date "2009.12.12"]
[Round "5.4"]
[White "Dinayet, Kazi Rashedul"]
[Black "Le Montagner, Yoann"]
[Result "1/2-1/2"]
[WhiteElo "2084"]
[BlackElo "2020"]
[PlyCount "84"]
[EventDate "2009.09.27"]
[EventType "team"]
[EventRounds "11"]
[EventCountry "FRA"]
[SourceDate "2009.07.26"]

1. e4 c5 2. Nf3 d6 3. c3 Nf6 4. Qb3 Nc6 5. Bb5 Qb6 6. e5 Be6 7. Qa4 Nd7 8. exd6
exd6 9. O-O Be7 10. Re1 O-O 11. d4 Rfe8 12. Na3 a6 13. Bd3 Bf6 14. Qc2 h6 15.
dxc5 dxc5 16. Bf4 Bd5 17. Nc4 Bxc4 18. Bxc4 Nde5 19. Nxe5 Nxe5 20. Bd5 Rad8 21.
c4 g5 22. Bd2 Kg7 23. Re3 Ng6 24. Rb3 Qd6 25. Rxb7 Re7 26. Rb3 Re2 27. Qd3 Rde8
28. g3 R2e7 29. Rd1 Bd4 30. Bc3 Bxc3 31. Qxc3+ Qe5 32. Qa5 Qe2 33. Rdd3 Qg4 34.
Qc3+ Kg8 35. Re3 Qd1+ 36. Kg2 Rxe3 37. fxe3 Qe2+ 38. Kg1 Ne5 39. e4 Qd1+ 40.
Kg2 Qe2+ 41. Kg1 Qd1+ 42. Kg2 Qe2+ 1/2-1/2

[Event "FRA-chT2 0910"]
[Site "France"]
[Date "2009.12.12"]
[Round "5.5"]
[White "Bleuzen, Erwan"]
[Black "Argaud, Jean Philippe"]
[Result "1-0"]
[WhiteElo "2046"]
[BlackElo "1903"]
[PlyCount "83"]
[EventDate "2009.09.27"]
[EventType "team"]
[EventRounds "11"]
[EventCountry "FRA"]
[SourceDate "2009.07.26"]

1. d4 Nf6 2. c4 g6 3. Nc3 d5 4. cxd5 Nxd5 5. e4 Nxc3 6. bxc3 Bg7 7. Nf3 O-O 8.
Be2 c5 9. O-O Nc6 10. Be3 Bg4 11. d5 Ne5 12. Bxc5 Bxf3 13. Bxf3 Nxf3+ 14. Qxf3
Rc8 15. Bd4 Bxd4 16. cxd4 Rc4 17. Qe3 Qa5 18. Qb3 b5 19. Rfb1 Rfc8 20. h4 a6
21. h5 Rxd4 22. Rc1 Rdc4 23. Rxc4 bxc4 24. Qb7 Rc7 25. Qb8+ Kg7 26. h6+ Kxh6
27. Qf8+ Kh5 28. Qg7 f5 29. Qxh7+ Kg5 30. g3 Kf6 31. Qh8+ Kf7 32. Qh7+ Kf6 33.
e5+ Kxe5 34. Qxg6 Qd2 35. Qe6+ Kd4 36. d6 Rc6 37. Qxe7 Kc3 38. Qe5+ Kb4 39. a3+
Kb3 40. Rb1+ Kxa3 41. Qa1+ Qa2 42. Qc3+ 1-0

[Event "FRA-chT2 0910"]
[Site "France"]
[Date "2009.12.12"]
[Round "5.7"]
[White "Bleuzen, Cedric"]
[Black "Mohammad, Fahim"]
[Result "1-0"]
[WhiteElo "2042"]
[BlackElo "1828"]
[PlyCount "77"]
[EventDate "2009.09.27"]
[EventType "team"]
[EventRounds "11"]
[EventCountry "FRA"]
[SourceDate "2009.07.26"]

1. d4 d5 2. c4 e6 3. Nc3 c6 4. e3 Nf6 5. Nf3 Be7 6. Ne5 Nbd7 7. f4 O-O 8. Be2
Ne8 9. O-O f6 10. Nxd7 Bxd7 11. f5 Nd6 12. fxe6 Bxe6 13. cxd5 cxd5 14. Qb3 Qa5
15. Bf3 Qb6 16. Qxb6 axb6 17. Nxd5 Bxd5 18. Bxd5+ Kh8 19. Bd2 Rfd8 20. Rfc1
Rac8 21. Bb4 Nf5 22. Bxe7 Nxe7 23. Bxb7 Rxc1+ 24. Rxc1 Nf5 25. Rc3 Nd6 26. Bf3
g5 27. h3 Nf5 28. Kf2 Re8 29. g4 Nh4 30. Rc6 f5 31. Rxb6 fxg4 32. Bxg4 Rf8+ 33.
Ke2 Kg7 34. a4 Ra8 35. b3 Ng6 36. Kd3 Ne7 37. e4 Ng8 38. e5 Ne7 39. Rb7 1-0

[Event "FRA-chT2 0910"]
[Site "France"]
[Date "2009.12.12"]
[Round "5.8"]
[White "Samy, Marceline"]
[Black "Le Bail, Arielle"]
[Result "0-1"]
[WhiteElo "1199"]
[BlackElo "1854"]
[PlyCount "54"]
[EventDate "2009.09.27"]
[EventType "team"]
[EventRounds "11"]
[EventCountry "FRA"]
[SourceDate "2009.07.26"]

1. e4 e6 2. d4 d5 3. Nc3 Bb4 4. Bd2 dxe4 5. Nxe4 Qxd4 6. Qe2 Bxd2+ 7. Nxd2 Nf6
8. Ngf3 Qxb2 9. Nb3 Qc3+ 10. Nfd2 O-O 11. Qb5 Nc6 12. Bd3 Nd4 13. Rc1 Nxb5 14.
Bxb5 Ne4 15. Bd3 Nxd2 16. Nxd2 Rd8 17. Rd1 e5 18. O-O Bg4 19. Ne4 Qc6 20. Rb1
f5 21. Ng5 Rxd3 22. cxd3 Qg6 23. Ne4 fxe4 24. dxe4 Bf3 25. g3 Qg4 26. Rbc1 Qh3
27. Rxc7 Qg2# 0-1

[Event "FRA-chT2 0910"]
[Site "France"]
[Date "2009.12.12"]
[Round "5.1"]
[White "Giacomini, Hector"]
[Black "Marie, Maxime"]
[Result "0-1"]
[WhiteElo "2273"]
[BlackElo "2236"]
[PlyCount "75"]
[EventDate "2009.09.27"]
[EventType "team"]
[EventRounds "11"]
[EventCountry "FRA"]
[SourceDate "2009.07.26"]

1. d4 Nf6 2. Nf3 e6 3. e3 b6 4. Bd3 Bb7 5. O-O c5 6. c4 Be7 7. Nc3 cxd4 8. exd4
d5 9. Bg5 O-O 10. Re1 Nc6 11. a3 dxc4 12. Bxc4 Rc8 13. Ba2 Nd5 14. Ne4 Bxg5 15.
Nexg5 h6 16. Ne4 Nf6 17. Nc3 Ne7 18. Ne5 Nf5 19. Ne2 Ba6 20. Qa4 Bxe2 21. Rxe2
Qxd4 22. Qxa7 Ra8 23. Qb7 Rxa3 24. Nf3 Qd3 25. bxa3 Qxe2 26. Qxb6 Rc8 27. h3
Rc3 28. Nd4 Nxd4 29. Qxd4 Rc2 30. Bb1 Rd2 31. Qf4 e5 32. Qf5 e4 33. a4 Qe1+ 34.
Kh2 Qc1 35. g3 e3 36. Ra2 e2 37. Rxd2 e1=Q 38. Rc2 0-1

[Event "FRA-chT2 0910"]
[Site "France"]
[Date "2009.12.12"]
[Round "5.2"]
[White "Coursaget, Nicolas"]
[Black "Maleki, Manuel"]
[Result "1-0"]
[WhiteElo "2317"]
[BlackElo "2281"]
[PlyCount "81"]
[EventDate "2009.09.27"]
[EventType "team"]
[EventRounds "11"]
[EventCountry "FRA"]
[SourceDate "2009.07.26"]

1. d4 Nf6 2. c4 e6 3. Nf3 d5 4. Nc3 Bb4 5. cxd5 exd5 6. Qa4+ Nc6 7. Bg5 h6 8.
Bxf6 Qxf6 9. e3 O-O 10. Rc1 Qg6 11. a3 Bxc3+ 12. bxc3 a6 13. c4 Be6 14. Qc2
Qxc2 15. Rxc2 dxc4 16. Bxc4 Bf5 17. Rc3 Na7 18. Be2 c6 19. O-O Be6 20. a4 b5
21. a5 Rac8 22. Rc5 Rfd8 23. Ne5 f6 24. Ng6 Rc7 25. Nf4 Bf7 26. Rfc1 g5 27. Nd3
Bc4 28. Kf1 Rd5 29. Nb4 Rxc5 30. dxc5 Bxe2+ 31. Kxe2 Nc8 32. Rd1 Ne7 33. Rd6
Kf7 34. e4 h5 35. h3 Rc8 36. g3 Rc7 37. f4 g4 38. hxg4 hxg4 39. f5 Rc8 40. Ke3
Rc7 41. Kf4 1-0

[Event "FRA-chT2 0910"]
[Site "France"]
[Date "2009.12.12"]
[Round "5.4"]
[White "Le Borgne, Pierre"]
[Black "Gaborit, Jean Pierre"]
[Result "1-0"]
[WhiteElo "2212"]
[BlackElo "2228"]
[PlyCount "99"]
[EventDate "2009.09.27"]
[EventType "team"]
[EventRounds "11"]
[EventCountry "FRA"]
[SourceDate "2009.07.26"]

1. e4 e6 2. d4 d5 3. Nc3 Bb4 4. Qd3 dxe4 5. Qxe4 Nf6 6. Qh4 c5 7. dxc5 Bxc5 8.
Nf3 Nbd7 9. Bd3 a6 10. O-O Be7 11. Bg5 Qa5 12. a3 h6 13. b4 Qc7 14. Ne4 Nxe4
15. Bxe7 Nef6 16. Bxf6 Nxf6 17. Rfe1 Bd7 18. c4 Ba4 19. Re3 Rd8 20. Rae1 Ke7
21. Ne5 Qd6 22. Qh3 Bd7 23. Qg3 Rhg8 24. Bg6 Be8 25. Bb1 Qb8 26. Qh3 Nd7 27.
Bh7 Nxe5 28. Rxe5 Kf8 29. Bxg8 Kxg8 30. R5e3 Qc8 31. Rd3 Ba4 32. c5 Bc6 33. Rd6
Re8 34. Qb3 Rd8 35. Qd3 Bd5 36. b5 axb5 37. Qxb5 Rf8 38. a4 Bc6 39. Qb4 Qa8 40.
a5 Qa6 41. Qb6 Ra8 42. Qxa6 Rxa6 43. Rd8+ Kh7 44. Ra1 Bd5 45. Rd6 Bc6 46. Rd4
Bd5 47. Rb4 Ra8 48. Rb6 Rc8 49. Rc1 Ra8 50. a6 1-0

[Event "FRA-chT2 0910"]
[Site "France"]
[Date "2009.12.12"]
[Round "5.5"]
[White "Dieu, Bruno"]
[Black "Barbini, Denis"]
[Result "1-0"]
[WhiteElo "2263"]
[BlackElo "2130"]
[PlyCount "71"]
[EventDate "2009.09.27"]
[EventType "team"]
[EventRounds "11"]
[EventCountry "FRA"]
[SourceDate "2009.07.26"]

1. d4 d5 2. Nf3 Nc6 3. g3 g6 4. Bg2 Bg7 5. c4 e6 6. Nc3 Nf6 7. Ne5 Nxe5 8. dxe5
Ng4 9. cxd5 exd5 10. Nxd5 c6 11. Bg5 Qd7 12. Nf6+ Bxf6 13. Qxd7+ Bxd7 14. exf6
h6 15. Bd2 Nxf6 16. Bc3 Ke7 17. Bb4+ Ke8 18. e4 Be6 19. O-O Rd8 20. Rfd1 Rxd1+
21. Rxd1 Nd7 22. f4 Rg8 23. b3 c5 24. Bc3 b6 25. h3 h5 26. Kh2 Ke7 27. Bf3 a5
28. g4 hxg4 29. hxg4 f6 30. f5 Bf7 31. Kg3 g5 32. Be2 Ne5 33. Bxe5 fxe5 34. Bc4
Bxc4 35. bxc4 Rd8 36. f6+ 1-0

[Event "FRA-chT2 0910"]
[Site "France"]
[Date "2009.12.12"]
[Round "5.6"]
[White "Blanche, Paul"]
[Black "Hubert, Raphael"]
[Result "1-0"]
[WhiteElo "2105"]
[BlackElo "2015"]
[PlyCount "57"]
[EventDate "2009.09.27"]
[EventType "team"]
[EventRounds "11"]
[EventCountry "FRA"]
[SourceDate "2009.07.26"]

1. d4 d5 2. c4 c6 3. Nf3 Nf6 4. e3 e6 5. Nc3 Bd6 6. Bd3 Nbd7 7. O-O dxc4 8.
Bxc4 O-O 9. e4 e5 10. Bg5 b5 11. Bb3 b4 12. Na4 Be7 13. Qc2 exd4 14. e5 Ng4 15.
Bf4 Ba6 16. Rfd1 Qc7 17. Rxd4 c5 18. e6 Nde5 19. Nxe5 Nxe5 20. exf7+ Kh8 21.
Re1 Qc8 22. Rxe5 cxd4 23. Qxc8 Raxc8 24. Rxe7 Bc4 25. g3 Bxb3 26. axb3 Rc6 27.
Re8 Rc8 28. Rxc8 Rxc8 29. Bd6 1-0

[Event "FRA-chT2 0910"]
[Site "France"]
[Date "2009.12.12"]
[Round "5.7"]
[White "Carvallo, Henri"]
[Black "Rodon, Gurvan"]
[Result "1-0"]
[WhiteElo "2108"]
[BlackElo "1975"]
[PlyCount "51"]
[EventDate "2009.09.27"]
[EventType "team"]
[EventRounds "11"]
[EventCountry "FRA"]
[SourceDate "2009.07.26"]

1. d4 Nf6 2. Nf3 e6 3. Bf4 c5 4. e3 Nc6 5. c3 cxd4 6. exd4 Be7 7. Bd3 a6 8. a4
b6 9. h3 d6 10. O-O Bb7 11. Qe2 O-O 12. Nbd2 Qc7 13. Ne4 e5 14. dxe5 dxe5 15.
Bh2 g6 16. Rad1 Nxe4 17. Bxe4 f6 18. Qc4+ Kg7 19. Nd4 Kh8 20. Ne6 Qc8 21. Nxf8
Bxf8 22. Qf7 Be7 23. f3 Qc7 24. Kh1 Nd8 25. Qe8+ Kg7 26. Rd7 1-0

[Event "FRA-chT2 0910"]
[Site "France"]
[Date "2009.12.13"]
[Round "6.1"]
[White "Navrotescu, Catalin"]
[Black "Le Corre, Benjamin"]
[Result "1-0"]
[WhiteElo "2435"]
[BlackElo "2252"]
[PlyCount "106"]
[EventDate "2009.09.27"]
[EventType "team"]
[EventRounds "11"]
[EventCountry "FRA"]
[SourceDate "2009.07.26"]

1. d4 Nf6 2. c4 g6 3. Nc3 Bg7 4. e4 d6 5. Nf3 O-O 6. Be2 e5 7. Be3 Ng4 8. Bg5
f6 9. Bh4 g5 10. Bg3 Nh6 11. c5 g4 12. Nh4 f5 13. Nxf5 Nxf5 14. exf5 exd4 15.
Nb5 Na6 16. cxd6 c5 17. O-O Bxf5 18. Bxg4 Qd7 19. Qb3+ Kh8 20. Bxf5 Rxf5 21. a4
Bf6 22. Rfe1 h5 23. Re6 Qf7 24. Nc7 Rg8 25. Nxa6 bxa6 26. h4 Qg7 27. Qd3 Rf4
28. Rae1 c4 29. Qf1 Rf5 30. Re7 Qg4 31. Re8 d3 32. d7 Rd5 33. Rxg8+ Kxg8 34.
Rd1 Rxd7 35. b3 cxb3 36. Rxd3 Qxa4 37. Rxd7 Qxd7 38. Qxa6 b2 39. Qc4+ Kg7 40.
Qc2 Qb7 41. Qb1 Qa6 42. Kh2 Qa1 43. Qf5 b1=Q 44. Qd7+ Kg6 45. Qe8+ Kf5 46.
Qxh5+ Ke6 47. Qe8+ Kd5 48. Qd7+ Kc4 49. Qc6+ Kd3 50. Qf3+ Kd2 51. Bf4+ Ke1 52.
g3 Qc2 53. Be3 Qa3 1-0